000
00320nam a2200133Ia 4500
005
20251222143204.0
008
251222s9999||||xx |||||||||||||| ||spa||
020
_a
9972-9727-4-7
082
_a
869.57/M86
100
_a
Morales Mena, Javier
245
0
_a
Grabado Ceniza
264
_b
Fondo Editorial UNMSM
942
_c
LIB
999
_c
13195
_d
13195